000 00821nas a2200265 4500
001 BR2014007379
003 BR-BrBNA
005 20231205124756.0
007 ta
008 230509b bl.|||p| |||| 00| 00por d
040 _aBR-BrBNA
_bpor
_cBiblioteca Nacional de Agricultura
041 _a(En)
072 _aQ70
100 1 _aPaiva, J.E. de
100 1 _aMaldonade, I.R.
100 1 _aScamparini, A.R.P.
245 1 _aXylose production from sugarcane bagasse by surface response methodology
650 _aBAGAÇO
650 _aCANA DE AÇÚCAR
650 _aRESÍDUO
650 _aHIDRÓLISE
773 0 _tRevista Brasileira de Engenharia Agrícola e Ambiental (Brazil)
_xISSN 1415-4366
_g(Jan-Feb 2009), V. 13(1) p. 75-80
_wBR2014007379
909 _a202311
_bLúcia
_c55
_dLúcia Elande
942 _2AGRIS
_n0
_cANA
999 _c240834
_d240834